Hermenéutica y racionalidad

Saved in:
Bibliografiske detaljer
Hovedforfatter: Vattimo, Gianni (Author)
Format: Bog
Sprog:spansk
Udgivet: Bogotá Norma 1994
Serier:Colección Vitral
Fag:
Tags: Tilføj Tag
Ingen Tags, Vær først til at tagge denne postø!

MARC

LEADER 00000nam a2200000 a 4500
001 UCM4177
003 CL-VaPUC
008 020802e19940000CK |||||||||||||||||spa|d
082 0 4 |a 121.686  |b VAT  |2 21 
100 0 |a Vattimo, Gianni  |e author  |9 470740 
245 1 0 |a Hermenéutica y racionalidad 
300 |a 436 p 
942 |c BK 
945 |d 20020802 00:00:00  |a cmena 
260 |a Bogotá  |b Norma  |c 1994 
650 0 |a Hermenéutica  |9 269473 
650 0 |a Razón   |9 314475 
650 0 |a Lógica formal  |9 372553 
650 0 |a Ontología   |9 256850 
583 |a last modification  |c 20121003 12:20:42  |k Rodrigo Vera 
490 0 |a Colección Vitral 
999 |c 301033  |d 301031 
952 |0 0  |1 0  |4 0  |6 121_686000000000000_VAT_1994  |7 0  |8 A  |9 359568  |a BIBEDU  |b BIBEDU  |d 2019-11-21  |i 3835146  |o 121.686 VAT 1994  |p 3835146  |r 2019-11-21  |w 2019-11-21  |y BK  |k PSI